| 000 | 00969nam a2200265Ia 4500 | ||
|---|---|---|---|
| 005 | 20221121151821.0 | ||
| 008 | 210716s2012 xx 000 0 und d | ||
| 020 | _a9788126535606 | ||
| 040 | _cAIMIT LIBRARY | ||
| 041 | _aeng | ||
| 082 |
_a621.3821 _21 _bMCCW |
||
| 100 |
_aMcClure, Wallace B. _962965 |
||
| 245 |
_aProfessional android programming with mono for android and .net/c# / _cBy Wallace B McClure...et.al |
||
| 250 | _a1st ed. | ||
| 260 |
_aNew Delhi : _bWiley India Pvt Ltd , _c2012. |
||
| 300 |
_axxx,520p. ; _c24 cm. |
||
| 650 |
_aIntroduction to android mobile devices and the marketplace _962966 |
||
| 650 |
_aPlanning and building your applications user interface _962967 |
||
| 650 |
_aWorking with the file system and application preferences _962968 |
||
| 700 |
_aBlevins, Nathan. _962969 |
||
| 700 |
_aCroft, John J. _962970 |
||
| 700 |
_aDick, Jonathan. _962971 |
||
| 700 |
_aHardy, Chris. _962972 |
||
| 942 |
_2ddc _cBK _e1st _k621.3821 MCCW |
||
| 999 |
_c192445 _d192445 |
||